Statistics for 日本の湖沼面積トップ30

Click here to take the quiz!

General Stats

  • This quiz has been taken 436 times
  • The average score is 18 of 30

Answer Stats

Answer面積(km²)都道府県% Correct
2位霞ヶ浦168.10茨城県
99%
1位琵琶湖669.26滋賀県
99%
4位猪苗代湖103.24福島県
93%
7位宍道湖79.25島根県
91%
12位十和田湖61.10青森県/秋田県
91%
3位サロマ湖151.59北海道
90%
10位浜名湖64.92静岡県
88%
9位洞爺湖70.72北海道
86%
24位諏訪湖12.81長野県
80%
5位中海85.74島根県
77%
19位田沢湖25.75秋田県
77%
6位屈斜路湖79.54北海道
69%
25位中禅寺湖11.90栃木県
68%
20位摩周湖19.22北海道
65%
28位印旛沼9.43千葉県
64%
8位支笏湖78.48北海道
64%
23位阿寒湖13.25北海道
59%
18位八郎潟調整池31.50秋田県
58%
15位北浦35.03茨城県
58%
21位十三湖17.81青森県
43%
11位小川原湖61.98青森県
40%
26位池田湖10.91鹿児島県
34%
17位網走湖32.28北海道
30%
14位能取湖58.20北海道
28%
29位涸沼9.30茨城県
26%
22位クッチャロ湖13.40北海道
26%
13位風蓮湖59.01北海道
21%
27位桧原湖10.86福島県
21%
16位厚岸湖32.31北海道
20%
30位濤沸湖8.19北海道
10%

Score Distribution

Percentile by Number Answered

Percent of People with Each Score

Your Score History

You have not taken this quiz